| 000 | 00633nam a2200205 4500 | ||
|---|---|---|---|
| 001 | 132352 | ||
| 003 | ES-MaACL | ||
| 005 | 20240531062943.0 | ||
| 007 | t| | ||
| 008 | 070214s1972 sp r ||||1| spa d | ||
| 100 | 1 |
_aRomero Pérez, Luis, _d1916-2009 _999338 |
|
| 245 | 1 | 0 |
_aPrimeros pasos / _cLuis Romero . En la aceptada orilla / Juan Sevillano. |
| 260 |
_aMadrid : _bAgromán, _c1972. |
||
| 300 |
_a100 p. ; _c18 cm. |
||
| 500 | _aPremio Agromán de Poesía 1972. | ||
| 700 | 1 |
_aSevillano, Juan. _9105947 |
|
| 740 | 0 | _aEn la aceptada orilla. | |
| 852 |
_aES-MaACL _jC-54147 _bR.86729 |
||
| 999 |
_c132352 _d132352 |
||